Online
Catalog

Estudios de etnología antigua de Venezuela / (Record no. 10529)

MARC details
000 -CABECERA
campo de control de longitud fija 01103cam a2200277 a 4500
001 - NÚMERO DE CONTROL
campo de control 000010777
005 - FECHA Y HORA DE LA ÚLTIMA TRANSACCIÓN
campo de control 20200929162306.0
008 - DATOS DE LONGITUD FIJA--INFORMACIÓN GENERAL
campo de control de longitud fija 820412s1961 ve a 001 0 spa
035 ## - NÚMERO DE CONTROL DEL SISTEMA
Número de control de sistema (DLC) 55027945
035 ## - NÚMERO DE CONTROL DEL SISTEMA
Número de control de sistema (OCoLC)8327635
040 ## - FUENTE DE LA CATALOGACIÓN
Centro catalogador/agencia de origen DO-SdBNP
Lengua de catalogación spa
Centro/agencia transcriptor FTaSU
Centro/agencia modificador FTaSU
-- BNPHU
082 ## - NÚMERO DE LA CLASIFICACIÓN DECIMAL DEWEY
Número de clasificación 305.8987
Número de documento/Ítem A185e, 1961
049 ## - FONDOS LOCALES (OCLC)
Fondos de biblioteca BNGR
100 1# - ENTRADA PRINCIPAL--NOMBRE DE PERSONA
Nombre de persona Acosta Saignes, Miguel,
Fechas asociadas al nombre 1908.
9 (RLIN) 26012
245 10 - MENCIÓN DE TÍTULO
Título Estudios de etnología antigua de Venezuela /
Mención de responsabilidad, etc. Miguel Acosta Saignes.
250 ## - MENCIÓN DE EDICIÓN
Mención de edición 2a ed.
260 ## - PUBLICACIÓN, DISTRIBUCIÓN, ETC.
Lugar de publicación, distribución, etc. Caracas, (Venezuela) :
Nombre del editor, distribuidor, etc. Instituto de Antropología y Geografía ;
-- Facultad de Humanidades y Educación ;
-- Universidad Cenral de Venezuela,
Fecha de publicación, distribución, etc. 1961.
300 ## - DESCRIPCIÓN FÍSICA
Extensión xxiv, 247 p. :
Otras características físicas il., mapa ;
Dimensiones 23 cm.
490 1# - MENCIÓN DE SERIE
Mención de serie Ciencias Sociales
Designación de volumen o secuencia 2
Mención de serie Ediciones de la biblioteca
Designación de volumen o secuencia 3
504 ## - NOTA DE BIBLIOGRAFÍA, ETC.
Nota de bibliografía, etc. Bibliografías: p. [267]-278.
500 ## - NOTA GENERAL
Nota general Incluye índice analítico.
650 #4 - PUNTO DE ACCESO ADICIONAL DE MATERIA--TÉRMINO DE MATERIA
Término de materia o nombre geográfico como elemento de entrada Etnología
Subdivisión geográfica Venezuela
9 (RLIN) 26013
650 #4 - PUNTO DE ACCESO ADICIONAL DE MATERIA--TÉRMINO DE MATERIA
Término de materia o nombre geográfico como elemento de entrada Indigenas de venezuela
Subdivisión general Vida social y costumbres
9 (RLIN) 26014
830 #0 - PUNTO DE ACCESO ADICIONAL DE SERIE-TÍTULO UNIFORME
Título uniforme Ciencias Sociales ;
Designación de volumen o secuencia 2
Nombre de parte o sección de la obra Ediciones de la biblioteca ;
Designación de volumen o secuencia 3.
9 (RLIN) 26015
910 ## - DATOS DE OPCIÓN DEL USUARIO (OCLC)
Datos de opción del usuario Catalogación derivada
Holdings
Estado de retiro Estado de pérdida Restricciones de uso No para préstamo Código de colección Localización permanente Ubicación/localización actual Ubicación en estantería Fecha de adquisición Número de inventario Total de préstamos Signatura topográfica completa Código de barras Fecha visto por última vez Precio válido a partir de Tipo de ítem Koha
    Préstamo interno   Monografías: Libros y Folletos General General En catalogación 09.10.2009 LF1   305.8987 A185e, 1961 10777-10 25.06.2020 25.06.2020 Préstamo interno

Powered by Koha